00443nam a22001577a 4500003000400000082001800004100001800022245002500040260004400065300000800109650001700117653001700134942001200151952010500163999001700268SGT a617.643bC21S aSharma, Ankit aCleft Lip and Palate aGurugram, HaryanabSGT Universityc2021 a120 aOrthodontics aOrthodontics 2ddccTH 00102ddc405171aFDbFDd2022-12-22l0o617.643 C21SpDT1401r2022-12-22 00:00:00w2022-12-22yTH c23622d23622